000
00308nam a22001217a 4500
008
160520b xxu||||| |||| 00| 0 eng d
020
_a
9780312474126
020
_a
0312474121
041
_a
eng
080
_a
003.2
245
_a
News reporting and writing:
_c
Brian S. Brooks; George Kennedy;
942
_2
udc
_c
BK
999
_c
2289
_d
2289